বিস্মৃত প্রায় / (Record no. 68904)
[ view plain ]
| 000 -LEADER | |
|---|---|
| fixed length control field | 00899nam a2200229 a 4500 |
| 001 - CONTROL NUMBER | |
| control field | 68904 |
| 003 - CONTROL NUMBER IDENTIFIER | |
| rucl marc code | BD-RjUL |
| 005 - DATE AND TIME OF LATEST TRANSACTION | |
| control field | 20211209081826.0 |
| 008 - FIXED-LENGTH DATA ELEMENTS--GENERAL INFORMATION | |
| fixed length control field | 170408s2006 bg a|||| |||| 000 0 ben d |
| 020 ## - INTERNATIONAL STANDARD BOOK NUMBER | |
| International Standard Book Number | 9843223934 |
| 035 ## - SYSTEM CONTROL NUMBER | |
| System control number | (BD-RjUL)69115 |
| 040 ## - CATALOGING SOURCE | |
| Original cataloging agency | BD-RjUL |
| Language of cataloging | eng |
| Transcribing agency | BD-RjUL |
| 041 ## - LANGUAGE CODE | |
| Language code of text/sound track or separate title | eng |
| 082 ## - DEWEY DECIMAL CLASSIFICATION NUMBER | |
| Edition number | 23 |
| Classification number | 320.092 |
| Author mark and year | HOB 2006 |
| 100 1# - MAIN ENTRY--PERSONAL NAME | |
| Personal name | হোসেন, আমজাদ |
| 9 (RLIN) | 163864 |
| 245 10 - TITLE STATEMENT | |
| Title | বিস্মৃত প্রায় / |
| Statement of responsibility, etc. | আমজাদ হোসেন |
| 260 ## - PUBLICATION, DISTRIBUTION, ETC. (IMPRINT) | |
| Place of publication, distribution, etc. | পাবনা : |
| Name of publisher, distributor, etc. | অধ্যাপিকা জান্নাতুই ফেরদৌস, |
| Date of publication, distribution, etc. | ২০০৬. |
| 300 ## - PHYSICAL DESCRIPTION | |
| Pagination | ১৭৩ পৃ. : |
| Illustrations | চিত্র ; |
| Size | ২২ সে.মি. |
| 650 ## - SUBJECT ADDED ENTRY--TOPICAL TERM | |
| Topical term or geographic name as entry element | রাজনীতি ও সরকার |
| Geographic subdivision | বাংলাদেশ |
| 9 (RLIN) | 204170 |
| Form subdivision | আত্মজীবনী |
| Topical term or geographic name as entry element | Politics and Government |
| Geographic subdivision | Bangladesh |
| 9 (RLIN) | 204171 |
| Form subdivision | Biography |
| 942 ## - ADDED ENTRY ELEMENTS (KOHA) | |
| Source of classification or shelving scheme | Dewey Decimal Classification |
| Koha item type | Books |
| Lost status | Source of classification or shelving scheme | Damaged status | Not for loan | Collection code | Permanent Location | Current Location | Shelving location | Date acquired | Cost, normal purchase price | Total Checkouts | Full call number | Date last seen | Copy number | Koha item type |
|---|---|---|---|---|---|---|---|---|---|---|---|---|---|---|
| Dewey Decimal Classification | Not For Loan | Non-fiction | Central Library, University of Rajshahi | Central Library, University of Rajshahi | Reading Room | 08/10/2006 | 0.00 | B 320.092 HOB 2006 | 08/04/2017 | C-1 | Books |